000 00581nam a2200241Ia 4500
003 OSt
005 20220912145720.0
006 a|||||r|||| 00| 0
007 ta
008 220909b |||||||| |||| 00| 0 eng d
024 _a74210
037 _cTextbook
040 _aCSL
_beng
_cCSL
041 _aeng
082 _aAwJ9, K5;1
100 _aHarre R Ed.
245 0 _aEarly seventeenth century scientists
260 _c1965
300 _ap.
_ccm.
650 _aScience collection
942 _hAwJ9, K5;1
_cTB
_2CC
999 _c36915
_d36915